THE JOINT HINDU FAMILY (Record no. 10656)

MARC details
000 -LEADER
fixed length control field 00322nam a22001337a 4500
003 - CONTROL NUMBER IDENTIFIER
control field SGT
082 ## - DEWEY DECIMAL CLASSIFICATION NUMBER
Classification number 346.0150 954,SON
100 ## - MAIN ENTRY--PERSONAL NAME
Personal name SONTHEIMER,GUNTHER DIETZ
245 ## - TITLE STATEMENT
Title THE JOINT HINDU FAMILY
260 ## - PUBLICATION, DISTRIBUTION, ETC. (IMPRINT)
Place of publication, distribution, etc NEW DELHI
Name of publisher, distributor, etc MUNSHIRAM MANOHARLAL
Year of Publication 1977
300 ## - PAGE DESCRIPTION
No. of Pages 250
650 ## - SUBJECT ADDED ENTRY--TOPICAL TERM
Topical term or geographic name as entry element JOINT HINDU FAMILY
942 ## - ADDED ENTRY ELEMENTS (KOHA)
Source of classification or shelving scheme Dewey Decimal Classification
Koha item type Books
942 ## - ADDED ENTRY ELEMENTS (KOHA)
-- 1
Holdings
Withdrawn status Lost status Source of classification or shelving scheme Damaged status Not for loan Collection code Home library Current library Shelving location Date acquired Vendor Name Cost, normal purchase price SGTU Bill Number Total Checkouts Full call number Accession No. (Barcode) Date last seen Bill Date Koha item type Date last borrowed
    Dewey Decimal Classification     LAW SGT Science & Social Sciences Library SGT Science & Social Sciences Library Text Book 30/01/2017 TECHNICAL BUREA INDIA LIMITED 600.00 SGTU 2002   346.0150 954,SON FL1079 30/01/2017 26/06/2015 Books  
    Dewey Decimal Classification     LAW SGT Science & Social Sciences Library SGT Science & Social Sciences Library Text Book 30/01/2017 TECHNICAL BUREA INDIA LIMITED 600.00 SGTU 2002 2 346.0150 954,SON FL1080 10/03/2022 26/06/2015 Books 05/03/2022